Rock Type Pokémon Trivia - Statistics

General Stats
  • This quiz has been taken 21 times
  • The average score is 12 of 20
Answer Stats
Hint Answer % Correct
Rock is the only type not to be paired with which other type? Ghost
100%
The Rock type is tied with the Grass type for the most weaknesses (5), but how many would a Pokémon have if it was dual Grass/Rock type? 4 - Ice, Fighting, Bug, Steel
93%
The base power of the move Power Gem 80
93%
Rock types have which stat boosted in Sandstorm? Special Defense
93%
It stores berries in its shell. The berries eventually ferment to become delicious juices Shuckle
86%
What level does Rockruff evolve? 25
71%
The last pure Rock type in Pokédex order Klawf
71%
This Gym Leader will reward you with the Coal Badge Roark (Sinnoh)
71%
Who was formerly the Rock type Gym Leader of Montenevera, now serving as a teacher at the Academy in Paldea? Tyme
71%
The move contained in TM34 rewarded after beating Brock in Gen I Bide
57%
A Rock type with the Levitate ability Solrock, Lunatone
57%
Heaviest Rock type Stakataka
57%
A Rock type with a unique type combination Terrakion, Tyrunt, Tyrantrum
57%
On which Aloloan Island will you battle the Rock type Kahuna, Olivia? Akala Island
50%
The exclusive G-Max Move of Gigantamax Coalossal G-Max Volcalith
50%
Guess the move - Power: 60 / Accuracy: 95% / PP: 15 (without PP ups) Rock Tomb
43%
Onix's Hidden Ability Weak Armor
43%
If a Pokémon holding this Berry is hit with a supereffective Rock-type move, the power of that move will be weakened Charti Berry
21%
A Rock type that can learn Thunder, Blizzard, Fire Blast AND Solar Beam via level up or TM Aggron
14%
The only Rock type with 100% Female gender ratio Ogerpon (Cornerston Mask)
7%
No matching quizzes found
Score Distribution
Percent of People with Each Score
Percentile by Number Answered
Your Score History
You have not taken this quiz